Philosophies of music history: a study of general histories of music 1600-1960
Gorde:
| Egile nagusia: | |
|---|---|
| Formatua: | Liburua |
| Hizkuntza: | ingelesa |
| Argitaratua: |
Nueva York
Dover
1962
|
| Gaiak: | |
| Etiketak: |
Etiketa erantsi
Etiketarik gabe, Izan zaitez lehena erregistro honi etiketa jartzen!
|
MARC
| LEADER | 00000nam a2200000 a 4500 | ||
|---|---|---|---|
| 001 | UCW2537 | ||
| 003 | CL-VaPUC | ||
| 008 | 920616e19620000US |||||||||||||||||eng|d | ||
| 082 | 0 | 4 | |a 780.9 |b ALL |2 21 |
| 100 | 0 | |a Allen, Warren Dwight |e author |9 306757 | |
| 245 | 1 | 0 | |a Philosophies of music history: a study of general histories of music 1600-1960 |
| 300 | |a 382 p | ||
| 942 | |c BK | ||
| 945 | |d 19920616 00:00:00 | ||
| 260 | |a Nueva York |b Dover |c 1962 | ||
| 650 | 7 | |a MUSICA HISTORIA Y CRITICA SIGLO 17-20 |2 CL-VaPUC |9 306758 | |
| 583 | |a last modification |c 19920616 00:00:00 |k Rodrigo Vera | ||
| 999 | |c 217076 |d 217074 | ||
| 952 | |0 0 |1 0 |4 0 |6 780_900000000000000_ALL_1962 |7 0 |8 A |9 203573 |a BIBEDU |b BIBEDU |d 2019-11-15 |i 2708078 |o 780.9 ALL 1962 |p 2708078 |r 2023-01-12 |w 2019-11-15 |y BK |k MUS | ||